ბათუმის შოთა რუსთაველის სახელმწიფო უნივერსიტეტის ბიბლიოთეკა

Биологическая активность основных почв Западной Грузии (ბიბ.ჩანაწერი № 46323)

000 -LEADER
fixed length control field 00763nam a2200229Ia 4500
001 - CONTROL NUMBER
control field 13159
003 - CONTROL NUMBER IDENTIFIER
control field GE_BSU
008 - FIXED-LENGTH DATA ELEMENTS--GENERAL INFORMATION
fixed length control field 181216s||||||||xx |||||||||||||| ||und||
040 ## - CATALOGING SOURCE
Transcribing agency GE_BSU
080 ## - UNIVERSAL DECIMAL CLASSIFICATION NUMBER
Universal Decimal Classification number 631.4(079.22)
100 ## - MAIN ENTRY--PERSONAL NAME
Personal name Дараселия,Н.А.
245 ## - TITLE STATEMENT
Title Биологическая активность основных почв Западной Грузии
245 ## - TITLE STATEMENT
Statement of responsibility, etc. Ред.Т.Аристовская
260 ## - PUBLICATION, DISTRIBUTION, ETC.
Place of publication, distribution, etc. Тбилиси
260 ## - PUBLICATION, DISTRIBUTION, ETC.
Name of publisher, distributor, etc. Мецниереба
260 ## - PUBLICATION, DISTRIBUTION, ETC.
Date of publication, distribution, etc. 1979
300 ## - PHYSICAL DESCRIPTION
Extent 304стр.илл.20см.
300 ## - PHYSICAL DESCRIPTION
Dimensions Библиогр.с.272-300
653 ## - INDEX TERM--UNCONTROLLED
Uncontrolled term Биологическая активность основных почв Западной Грузии
653 ## - INDEX TERM--UNCONTROLLED
Uncontrolled term ბიოლოგია
942 ## - ADDED ENTRY ELEMENTS (KOHA)
Koha item type წიგნი
ეგზემპლარები
Withdrawn status Lost status Damaged status Not for loan Date acquired Barcode Date last seen Price effective from Koha item type
        2018-12-17 21044 2018-12-17 2018-12-17 წიგნი
        2018-12-17 21045 2018-12-17 2018-12-17 წიგნი